00676nam a22002172 450000100060000000300080000600500170001400800410003103500350007204000320010704100080013908200180014710000170016524501060018226000420028830000240033050400500035465000120040465000190041670000230043532252BD-RjUL20211209051816.0140424t1949 enk 001 0 eng d aOCLC ocm00538498 from D970114M aOUNcOUNdEQOdBD-RjULbeng aeng04a170bSTP 19491 aSturt, Mary.10aPractical ethics :ba sketch of the moral structure of society /cby Mary Sturt and Margaret Hobling. aLondon :bRoutledge & K. Paul,c1949. av, 369 p. ;c23 cm. aIncludes bibliographical reference and index. 0aEthics. 0aSocial ethics.1 aHobling, Margaret.